| 000 | 00470nam a2200169 a 4500 | ||
|---|---|---|---|
| 001 | 000019310 | ||
| 005 | 20200929165959.0 | ||
| 008 | 100601s2005 xxua 000 0 spa d | ||
| 020 | _a0739464116 | ||
| 040 |
_aDO-SdBNP _bspa _cBNPHU |
||
| 082 |
_axxx _bG752v |
||
| 245 | 0 | 0 | _aGrandes viajes y descubrimientos del mundo. |
| 260 |
_aNew York : _bEdiciones Credimar, _c2005. |
||
| 300 |
_a237 p. : _bil. ; _c31 cm. |
||
| 500 | _aIncluye índice onomástico | ||
| 049 | _aBNPD | ||
| 999 |
_c18828 _d18828 |
||